Open Data Biblioteca Nacional de Portugal


República Portuguesa: Ministério da Cultura
Biblioteca Nacional de Portugal

Catálogo da BNP: acesso por Identificadores Unívocos
Registos Bibliográficos associados ao registo de autoridade

Etiqueta de registo: 00254nam 2200025 450
001 2260488
003 http://id.bnportugal.gov.pt/bib/catbnp/2260488
021 ## $aPT$b555457/25
100 ## $a20260204d2025 m y0pory01030103ba
101 0# $apor
102 ## $aPT
105 ## $aa z 000yy
106 ## $ar
200 1# $aEntre rios e serras$ena rota das aves do Alto Côa$fRicardo Brandão... [et al.]$gfot. Hugo de Sousa, Manuel Malva$gil. Ana Botelho$gtextos Ricardo Brandão$gpref. Vítor Manuel Dias Proença
210 #9 $a[S.l.]$cNaturcôa,$dcop. 2025
215 ## $a1 v.$cil.$d24 cm$e1 mapa
675 ## $a74/77A/Z(=1:469)"20"(083.82)$vBN$zpor$31991241
675 ## $a598.2(469.311)(042)$vBN$zpor$31991245
701 #1 $aBrandão,$bRicardo$4070$31817041
702 #1 $aSousa,$bHugo de$4600$31983395
702 #1 $aMalva,$bManuel$4600$31983401
702 #1 $aBotelho,$bAna,$f1991-$4440$31993878
702 #1 $aProença,$bVítor Manuel Dias$4080$31983403
801 #0 $aPT$bBN$gRPC
856 41 $uhttp://rnod.bnportugal.gov.pt/ImagesBN/winlibimg.aspx?skey=&doc=2260488&img=220335&save=true
900 ## $aBIBNAC$d20260327
966 ## $lBN$mFGMON$sB.A. 53352 V.$x1
966 ## $lBN$mFGMON$sB.A. 53352 V.-D$x1
971 ## $cabrito$d20260204
973 ## $ctrodrigues$d20260313
975 ## $e0$d20260327$viquintas

OpendataBNP@bnportugal.pt | Mais informação sobre acesso aos dados BNP